1590 1342 1736 1095 1689 1644 1136 1174 1374 1699 1682 1344 1014 1025 1611 1890 1987 1762 1519 1466 1366 1181 1107 1796 1831 1713 1935 1631 1324 1866 1051 1135 1988 1759 1755 1714 1336 1623 1251 1926 1914 1594 1696 1796 1882 1954 1418 1971 1987 1913 1955 1861 1521 1735 1902 1853 1298 1662 1671 1012 1120 1485 1055 1945 1184 1782 1482 1430 1125 1775 1824 1842 1073 1115 1963 1296 1094 1622 1236 1191 1423 1559 1616 1908 1153 1768 1309 1099 1113 1126 1342 1158 1204 1586 1346 1861 1751 1674 1409 BCNSPRNW ULIB Ver.6.0+V

เปลี่ยนเป็นภาษาไทย

Change to English
 แสดงรายละเอียดบรรณานุกรม
  กลับหน้าหลัก

Brief Record : Get Marc (ISO 2709) : E-mail record : QR code < ปิดหน้าต่าง
LEADER : 00000nam 2200000uu 4500
001    13399122593
003     ULIB
008    020711s2545 th a 000 0 tha d
020    9743226923
090    นว.^bA613ด
100    Ann M. Martin.;^eเขียน
245    เดอะดอลล์ พีเพิล /^cAnn M. Martin & Laura Godwin ; เขียน,วิลาวัณย์ ฤดีศานต์ ; แปล
260    กรุงเทพฯ :^bมติชน,^c2545
300    240 หน้า
700    Laura Godwin.;^eเขียน
700    วิลาวัณย์ ฤดีศานต์. ;^e แปล
945    ^p175^l0^i20039
999    ^aทศพร เกษรทอง
รายการนี้ยังไม่มีแท็ก
คุณยังไม่ได้ล็อกอิน คุณสามารถมีกิจกรรมร่วมกับเว็บไซต์ได้ แต่ต้องล็อกอินก่อน ::
  ล็อกอิน

รายการสื่อสารสนเทศ

ลำดับที่ ประเภท เลขเรียก/บาร์โค้ด สถานที่ สถานะ
1. นวนิยาย
นวนิยาย
นว. A613ด ฉ.1 
  Barcode: 20039
ห้องสมุดวิทยาเขตสวรรค์ประชารักษ์
►นวนิยาย
บนชั้น
  ขอยืม

BibComment


ยังไม่เคยถูกคอมเมนท์

คอมเมนท์ทรัพยากรรายการนี้
  คอมเมนท์: เดอะดอลล์ พีเพิล ..


 Copyright 2026. Bcnsprnw @Library